Software engineering for real-time systems / (Record no. 18089)
[ view plain ]
| 000 -LEADER | |
|---|---|
| fixed length control field | 00924 am a2200289ua 4500 |
| 001 - CONTROL NUMBER | |
| control field | 007355632 |
| 005 - DATE AND TIME OF LATEST TRANSACTION | |
| control field | 20160825101445.0 |
| 008 - FIXED-LENGTH DATA ELEMENTS--GENERAL INFORMATION | |
| fixed length control field | 030519s2003 xxka frbd 001 0 eng d |
| 010 ## - LIBRARY OF CONGRESS CONTROL NUMBER | |
| LC control number | 2002025422 |
| 020 ## - INTERNATIONAL STANDARD BOOK NUMBER | |
| International Standard Book Number | 0201596202 (pbk.) |
| 020 ## - INTERNATIONAL STANDARD BOOK NUMBER | |
| International Standard Book Number | 9780201596205 |
| 040 ## - CATALOGING SOURCE | |
| Original cataloging agency | DLC |
| Transcribing agency | DLC |
| Modifying agency | Uk |
| 082 04 - DEWEY DECIMAL CLASSIFICATION NUMBER | |
| Classification number | 005.1 |
| Edition number | 22 |
| Item number | COO |
| 100 1# - MAIN ENTRY--PERSONAL NAME | |
| Personal name | Cooling, J. E. |
| 9 (RLIN) | 35377 |
| 245 10 - TITLE STATEMENT | |
| Title | Software engineering for real-time systems / |
| Statement of responsibility, etc | Jim Cooling. |
| 250 ## - EDITION STATEMENT | |
| Edition statement | 1st ed. |
| 260 ## - PUBLICATION, DISTRIBUTION, ETC. (IMPRINT) | |
| Place of publication, distribution, etc | Harlow, United Kingdom : |
| Name of publisher, distributor, etc | Addison-Wesley, |
| Date of publication, distribution, etc | 2003 |
| Place of manufacture | (Croydon, United Kingdom : |
| Manufacturer | CPI Group (UK) Ltd.) |
| 300 ## - PHYSICAL DESCRIPTION | |
| Extent | xx, 800 p. : |
| Other physical details | ill. ; |
| Dimensions | 24 cm. |
| 500 ## - GENERAL NOTE | |
| General note | Index : p. 791-800. |
| 500 ## - GENERAL NOTE | |
| General note | Glossary : p. 788-790. |
| 504 ## - BIBLIOGRAPHY, ETC. NOTE | |
| Bibliography, etc | Includes bibliographical references. |
| 650 #0 - SUBJECT ADDED ENTRY--TOPICAL TERM | |
| Topical term or geographic name as entry element | Software engineering |
| 9 (RLIN) | 3832 |
| 653 ## - INDEX TERM--UNCONTROLLED | |
| Resource For college | Informatics and Computer Science |
| Arrived date list | March2014 |
| 655 ## - INDEX TERM--GENRE/FORM | |
| Form subdivision | |
| -- | 33728 |
| 650 #0 - SUBJECT ADDED ENTRY--TOPICAL TERM | |
| 9 (RLIN) | 23169 |
| Topical term or geographic name as entry element | Real-time data processing |
| 942 ## - ADDED ENTRY ELEMENTS (KOHA) | |
| Source of classification or shelving scheme | Dewey Decimal Classification |
| Call number prefix | 005.1 COO |
| Withdrawn status | Item status | Source of classification or shelving scheme | Damaged status | Not for loan | Vendor | Home library | Current library | Shelving location | Date acquired | Source of acquisition | Cost, normal purchase price | Total Checkouts | Full call number | Barcode | Date last seen | Cost, replacement price | Koha item type | Total Renewals | Date last borrowed |
|---|---|---|---|---|---|---|---|---|---|---|---|---|---|---|---|---|---|---|---|
| Dewey Decimal Classification | Baccah | Central Library | Central Library | Lower Floor | 04/03/2014 | 750.00 | 005.1 COO | 000035661 | 15/07/2025 | 937.50 | NB - Book (Non borrowing) | ||||||||
| Dewey Decimal Classification | Baccah | Central Library | Central Library | Lower Floor | 04/03/2014 | 750.00 | 1 | 005.1 COO | 000035662 | 15/07/2025 | 937.50 | Book - Borrowing | 3 | 24/04/2018 | |||||
| Dewey Decimal Classification | Baccah | Central Library | Central Library | Lower Floor | 04/03/2014 | 750.00 | 005.1 COO | 000035663 | 15/07/2025 | 937.50 | Book - Borrowing |